Hobbits in Lord of the Rings by Screen Time - Statistics

General Stats
  • This quiz has been taken 82 times
  • The average score is 6 of 9
Answer Stats
Total Screen Time
(including The Hobbit movies)
Answer % Correct
2 h 19 min 30 sec Bilbo Baggins
96%
2 h 20 min Frodo Baggins
91%
1 h 32 min 45 sec Samwise Gamgee
87%
1 h 6 min 45 sec Peregrin Took
83%
55 min 30 sec Meriadoc Brandybuck
80%
51 min Gollum/Smeagol
49%
1 min 30 sec Rosie Cotton
46%
1 min 30 sec Hamfast Gamgee
26%
3 min 45 sec Deagol
22%
No matching quizzes found
Score Distribution
Percent of People with Each Score
Percentile by Number Answered
Your Score History
You have not taken this quiz